Dagli anni Settanta a oggi /

Salvato in:
Dettagli Bibliografici
Autore principale: Vittorini, Fabio, (1971- ) (Autore)
Natura: Libro
Lingua:italiano
Pubblicazione: Bologna : Pàtron, 2024
Serie:Intermedia ; 9
Soggetti:
Tags: Aggiungi Tag
Nessun Tag, puoi essere il primo ad aggiungerne!!

MARC

LEADER 00000nam a2200000 ib4500
001 IT\ICCU\UBO\4823906
003 ItRI
005 20260115232111.0
008 240917s2024 it |||||| ||||| |||||c
015 |2 IT  |a 2024-10190 
020 |a 9788855536332 
040 |b ita  |c importazione bologna sebina 
041 7 |a ita  |2 ISO-639-2 
100 1 |a Vittorini, Fabio,  |d  (1971- )  |0 IT\ICCU\CFIV\165615  |4 aut 
240 1 0 |a Dagli anni Settanta a oggi  |3 IT\ICCU\CFI\1135605  |9 Vittorini, Fabio <1971- > 
245 1 0 |a Dagli anni Settanta a oggi /  |c Fabio Vittorini. 
260 |a Bologna :  |b Pàtron,  |c 2024 
300 |a 360 p. ;  |c 21 cm 
650 7 |a Queers  |2 scbi 
773 0 |w IT\ICCU\UBO\4823904  |t Queer bodies  |a Vittorini, Fabio (1971- )  |0 IT\ICCU\CFIV\165615 
830 0 |a Intermedia ;  |v 9  |0 IT\ICCU\UBO\4485435 
942 |2 ddc  |c BK  |n 0 
952 |0 0  |1 0  |4 0  |6 T_809_933000000000000_VIT  |7 0  |9 20052  |a BO  |b BO  |d 2026-01-15  |i 20730  |l 0  |o T 809.933 VIT  |p BO20730  |r 2026-01-15 23:21:11  |w 2026-01-15  |x [Sebina 5] [2 V.]  |y BK  |z 1 v. 
999 |c 17097  |d 17097